|
|
|
|
| LEADER |
01912cas a2200241 a 4500 |
| 001 |
AALejournalIMF015451 |
| 008 |
230101c9999 xx r poo 0 0eng d |
| 020 |
|
|
|c 5.00 USD
|
| 020 |
|
|
|z 9781513555942
|
| 022 |
|
|
|a 1934-7685
|
| 040 |
|
|
|a BD-DhAAL
|c BD-DhAAL
|
| 110 |
2 |
|
|a International Monetary Fund.
|b Middle East and Central Asia Dept.
|
| 245 |
1 |
0 |
|a Iraq :
|b Staff Report for the 2015 Article IV Consultation and Request for Purchase Under the Rapid Financing Instrument.
|
| 264 |
|
1 |
|a Washington, D.C. :
|b International Monetary Fund,
|c 2015.
|
| 300 |
|
|
|a 1 online resource (100 pages)
|
| 490 |
1 |
|
|a IMF Staff Country Reports
|
| 500 |
|
|
|a <strong>Off-Campus Access:</strong> No User ID or Password Required
|
| 500 |
|
|
|a <strong>On-Campus Access:</strong> No User ID or Password Required
|
| 506 |
|
|
|a Electronic access restricted to authorized BRAC University faculty, staff and students
|
| 520 |
3 |
|
|a This 2015 Article IV Consultation highlights that Iraq is facing a double shock emerging from the ISIS insurgency and the plunge in global oil prices. In 2014, real GDP contracted by 2.1 percent mainly owing to the impact of the conflict, while oil production and exports increased slightly compared with 2013. In 2015, overall economic activity is expected to see a modest recovery of 0.5 percent thanks to oil sector expansion, while non-oil activity is expected to contract further. Medium-term growth prospects remain positive, though less favorable than before the crisis. Growth will be driven by the projected ramp-up in oil production and the rebound in non-oil growth supported by the expected improvement in security and implementation of structural reform.
|
| 538 |
|
|
|a Mode of access: Internet
|
| 830 |
|
0 |
|a IMF Staff Country Reports; Country Report ;
|v No. 2015/235
|
| 856 |
4 |
0 |
|z Full text available on IMF
|u http://elibrary.imf.org/view/journals/002/2015/235/002.2015.issue-235-en.xml
|z IMF e-Library
|